00483nam a2200181Ia 4500008004100000020001800041041000800059082002000067100001000087245005900097250001200156260003900168300000900207440001000216500004000226650002500266700001000291230125s9999 xx 000 0 und d a81-7881-030-1 aeng a658.312 44bRAO aICFAI aPeople management : changing perceptions and practices a1st Ed. c2001bICFAI publicationaHyderabad a174p aICFAI aICFAI Series Book;People Management aPersonnel Management aICFAI